书目信息 |
| 题名: |
新编常见恶性肿较瘤诊治规范:骨肿瘤与软组织肉瘤分册
|
|
| 作者: | 中国抗癌协会 | |
| 分册: | ||
| 出版信息: | 北京医科大学中国协和医科大学联合出版社 1999.01 |
|
| 页数: | 106页 | |
| 开本: | 32开 | |
| 丛书名: | ||
| 单 册: | ||
| 中图分类: | R738.1-5 | |
| 科图分类: | ||
| 主题词: | 运动系统疾病:肿瘤 | |
| 电子资源: | ||
| ISBN: | ||
| 000 | 00665nam0 2200181 45 | |
| 001 | 9911301546 | |
| 005 | 19991130153253.1 | |
| 010 | @d10.00 | |
| 100 | @a19991130d1999 km y0chiy0120 ea | |
| 101 | @achi | |
| 105 | @a z 000yy | |
| 200 | 1 | @a新编常见恶性肿较瘤诊治规范:骨肿瘤与软组织肉瘤分册@AXin Bian Chang Jian E Xing Zhong Jiao Liu Zhen Zhi Gui Fan:Gu Zhong Liu Yu Ruan Zu Zhi Rou Liu Fen Ce@f中国抗癌协会@FZhong Guo Kang Ai Xie Hui |
| 210 | @c北京医科大学中国协和医科大学联合出版社@d1999.01 | |
| 215 | @a106页@c无图表@d32开 | |
| 606 | 0 | @a运动系统疾病:肿瘤 |
| 690 | @aR738.1-5@v3 | |
| 801 | @aCN@bPerfectUser@c19991130 | |
| 905 | @aBZT@b64673-677@f5@dR738.1-5@e1 | |
| 新编常见恶性肿较瘤诊治规范:骨肿瘤与软组织肉瘤分册/中国抗癌协会.-北京医科大学中国协和医科大学联合出版社,1999.01 |
| 106页:无图表;32开 |
| ISBN :10.00 |
| ● |
| 相关链接 |
|
|
|
正题名:新编常见恶性肿较瘤诊治规范:骨肿瘤与软组织肉瘤分册
索取号:R738.1-5/1
 
预约/预借
| 序号 | 登录号 | 条形码 | 馆藏地/架位号 | 状态 | 备注 |
| 1 | 64673 | 200565780 | 中心书库中库/ 中库013架B面6列5层52/ [索取号:R738.1-5/1] | 在馆 | |
| 2 | 64674 | 200565806 | 中心书库中库/ 中库013架B面6列5层53/ [索取号:R738.1-5/1] | 在馆 | |
| 3 | 64675 | 200565824 | 中心书库中库/ 中库013架B面6列5层54/ [索取号:R738.1-5/1] | 在馆 | |
| 4 | 64676 | 200565842 | 中心书库中库/ 中库013架B面6列5层55/ [索取号:R738.1-5/1] | 在馆 | |
| 5 | 64677 | 200565860 | 中心书库中库/ 中库013架B面6列5层56/ [索取号:R738.1-5/1] | 在馆 |